000 00665nam a2200229Ia 4500
003 OSt
005 20221005133721.0
006 a|||||r|||| 00| 0
007 ta
008 221004b |||||||| |||| 00| 0 pan d
024 _a27787
037 _cTextual
040 _aCRL
_cCRL
_bpan
041 _2pan
_apan
082 _aV236:12wL91, 153H5
100 _aਪ੍ਰੇਮ ਸਿੰਘ
245 0 _aਸ੍ਰਦਾਰ ਹਰੀ ਸਿੰਘ ਜੀ ਨਲੂਆ
260 _c1955
650 _aਭਾਰਤੀਯ ਇਤਿਹਾਸ
942 _hV236:12wL91, 153H5
_cTEXL
_2cc
999 _c1067665
_d1067665